Biblioteca

El pentateuco / Pablo Hoff (Registro nro. 44817)

Detalles MARC
000 -LÍDER
Campo fijo de descripción fija 005070000a22001690004500
020 ## - NÚMERO INTERNACIONAL NORMALIZADO PARA LIBROS
Número Internacional Normalizado del libro 978-0-8297-086-9
082 04 - NÚMERO DE CLASIFICACIÓN DECIMAL DEWEY
Número de clasificación G 222.107 H6981p
001 - NÚMERO DE CONTROL
Campo de control 18371
100 1# - ASIENTO PRINCIPAL--NOMBRE PERSONAL
Nombre personal Hoff, Pablo
245 10 - TÍTULO
Título del Material El pentateuco / Pablo Hoff
260 ## - PUBLICACIÓN, DISTRIBUCIÓN, ETC. (PIE DE IMPRENTA)
Lugar de publicación, distribución, etc. Estados Unidos de América : Vida
300 ## - DESCRIPCIÓN FÍSICA
Extensión 272 p.
501 ## - NOTA DE “CON”
Nota de Contenido Rústico
505 00 - NOTA DE CONTENIDO
Nota de contenido con formato preestablecido Comentarios al Pentateuco
650 14 - ASIENTO SECUNDARIO DE MATERIA - TERMINO TEMÁTICO
Término temático o nombre geográfico como elemento de entrada BIBLIA A.T. - PENTATEUCO \ BIBLIA - COMENTARIOS \ BIBLIA - CANON \ PENTATEUCO - CRITICA, INTERPRETACION, ETC \ PENTATEUCO
942 ## - TIPO DE MATERIAL (KOHA)
Tipo de Item KOHA Libros General
Existencias
Estado de Material Estado de Perdido Estado de Dañado No para Préstamo Colección Tomo Biblioteca de Origen Biblioteca Permanente Fecha de Adquisición Total de Préstamos Total de Renovaciones Signatura Topográfica Código de Barras Última vez visto Última vez Préstado Ejemplar/Existencia Fecha de Remplazo Tipo de Material
        Colección General   Biblioteca FUSBC Biblioteca FUSBC 29/05/2014 20 9 G 222.107 H6981p 18373 22/08/2024 23/09/2021 1 26/01/2016 Libros General

Biblioteca FUSBC | Teléfono: (57+4) 349 88 10 Ext. 141| WhatsApp (+57) 3005338115 
E-mail: biblioteca@unisbc.edu.co | Calle 76 87-14 Robledo Palenque, Medellín, Colombia

Con tecnología Koha